000 00828nam a2200253Ia 4500
003 OSt
005 20221005112028.0
006 a|||||r|||| 00| 0
007 ta
008 221004b |||||||| |||| 00| 0 hin d
024 _a107964
037 _cTextual
040 _aCRL
_cCRL
_bhin
041 _2hin
_ahin
082 _aO152:g, K7
100 _aमिश्र, भगीरथ, संपा.
245 0 _aसाहित्य निकष
246 _aSāhitya nikaṣha
260 _aवाराणसी
_bविश्वविद्यालय प्रकाशन भारत
_c1967
300 _a263पृ0
_ccm.
650 _aहिन्दी साहित्य
942 _hO152:g, K7
_cTEXL
_2cc
999 _c1023613
_d1023613